000 01983cam a22004814i 4500
003 PE-LiUPU
005 20250731173349.0
008 150706s r 000 0 d
020 _a9781426700019
035 _a(Sirsi) i9781426700019
040 _aPE-LiUPU
_bspa
_cPE-LiUPU
_erda
049 _aPRUA
082 0 4 _a220.07
_bAOTC
_221
100 1 _aYoder, Christine Roy,
_eautor.
245 1 0 _aProverbs /
_cChristine Roy Yoder.
264 1 _aNashville :
_bAbingdon Press,
_c2009.
300 _a315 páginas ;
_c23 centímetros
336 _atext
_2rdacontent
337 _aunmediated
_2rdamedia
338 _avolume
_2rdacarrier
490 0 _aAbingdon Old Testament commentaries
504 _aIncluye bibliografía.
505 0 _aProverbs 1-9 : "The proverbs of Solomon, the son of David, king of Israel" -- Proverbs 10:1-22:16 : "The proverbs of Solomon" -- Proverbs 22:17-24:22 : "Words of the wise" -- Proverbs 25-29 : "These also are proverbs of Solomon, which the officials of King Hezekiah of Judah transmitted" -- Proverbs 30 : "The words of Agur" -- Proverbs 31 : "The words of Lemuel, king of Massa, which his mother taught him," and The woman of substance.
526 _aSEG42
526 _aSEG41
526 _aSEG40
526 _aSEG39
526 _aP94
526 _aP87
526 _aP86
526 _aP85
526 _aP77
526 _aP76
526 _aP35
541 _g10624103;
630 _aBiblia.
_pA.T.
_pProverbios
_xComentarios.
910 _agl
_bjv
_clch
_d20100212
942 _2ddc
_cBOOK
949 _a220.07 AOTC 20
_wDEWEY
_c1
_i60952
_lCCODEBUL1
_mBUL
_p5.00
_r0
_sY
_tBOOK
_u2015-7-6
_xTEOLOGIA
_zUNKNOWN
_0COMPRA
_o.STAFF. Colección General
994 _aC0
_bPEPRU
596 _a1
999 _a220.07 AOTC 20
_wDEWEY
_c50302
_i60952
_f2021-11-9
_g5
_lCCODEBUL1
_mBUL
_p5.00
_r0
_sY
_tBOOK
_u2015-7-6
_xFCE
_zUNKNOWN
_0COMPRA
_o.STAFF. Colección General
_d50302
980 _81
_gALBERTO SANCHEZ Responsable de Automatización